Los 6 pasos del planeamiento estratégico / (Registro nro. 11405)

Detalles MARC
000 -LIDER
fixed length control field 00811nam a22002537a 4500
001 - NÚMERO DE CONTROL
Identificador de número de control
003 - IDENTIFICACDOR DE NÚMERO DE CONTROL
control field DO-SdBNP
005 - DATE AND TIME OF LATEST TRANSACTION
control field 20230301105654.0
007 - CAMPOS FIJOS DE DESCRIPCIÓN FÍSICA
fixed length control field 01234
008 - ELEMENTOS DE LONGITUD FIJA
fixed length control field 160915b 2008 ag ||||| |||| 00| 0 spa d
020 ## - ISBN
International Standard Book Number 9789870400868
040 ## - FUENTE DE CATALOGACIÓN
Agencia que crea de manera original el registro BPMSU
Idioma de catalogación spa
Agencia que realiza la transcripción BPMSU
082 #4 - NÚMERO DE CLASIFICACIÓN DECIMAL DE DEWEY
Classification number 658.4032
Item number G196s 2008
Edition number 22
100 1# - ASIENTO PRINCIPAL -- NOMBRE PERSONAL
Nombre personal Gandolfo Gahan, Juan
245 ## - MENCIÓN DE TITULO
Título Los 6 pasos del planeamiento estratégico /
Mención de responsabilidad Juan Gandolfo Gahan
246 13 - VARIACION DEL TÍTULO
Título propiamente dicho o título corto Los seis pasos del planeamiento estratégico
260 ## - PUBLICACIÓN, DISTRIBUCIÓN, ETC. (PIE DE IMPRENTA)
Lugar de publicación, distribución, etc Buenso Aires :
Nombre del editor, distribuidor, etc. Aguilar,
Fecha de publicación, distribución, etc 2008
300 ## - DESCRIPCIÓN FÍSICA
Extensión 197 p. ;
Otros detalles físicos 23 cm.
500 ## - NOTA GENERAL
Nota general Incluye datos biográficos del autor en la solapa de la cubierta
590 ## - NOTA LOCAL
Texto de la nota local Inventariado, 2023/VM
650 #4 - ENCABEZAMIENTO DE MATERIA--TEMÁTICO
Término temático o nombre geográfico como elemento de entrada Planificación Estratégica
Subdivisión temática general Enseñanza
910 ## - VALIDACIÓN
Validación VMateo V. Control de calidad (BPMSU)
942 ## - ADDED ENTRY ELEMENTS (KOHA)
Source of classification or shelving scheme Dewey Decimal Classification
Koha item type Libros
Existencias
Withdrawn status Lost status Source of classification or shelving scheme Damaged status Not for loan Collection code Home library Current library Date acquired Source of acquisition Full call number Barcode Date last seen Price effective from Koha item type Copy number
    Dewey Decimal Classification     Colección General Biblioteca Pública Metropolitana Salomé Ureña Biblioteca Pública Metropolitana Salomé Ureña 09/15/2016 ALFAGUARA BPMSU CG 658.4032 G196s 2008 BPMSU16090334 09/15/2016 09/15/2016 Libros  
    Dewey Decimal Classification     Colección General Biblioteca Pública Metropolitana Salomé Ureña Biblioteca Pública Metropolitana Salomé Ureña 09/15/2016 ALFAGUARA BPMSU CG 658.4032 G196s 2008 BPMSU16090335 09/15/2016 09/15/2016 Libros e.2
    Dewey Decimal Classification     Colección General Biblioteca Pública Metropolitana Salomé Ureña Biblioteca Pública Metropolitana Salomé Ureña 09/15/2016 ALFAGUARA BPMSU CG 658.4032 G196s 2008 BPMSU16090336 09/15/2016 09/15/2016 Libros e.3